Κριτική μελέτη των στοιχείων ωοτοκίας της θαλάσσιας χελώνας Caretta caretta όπου σταδιακή τουριστική ανάπτυξη : παραλία «Λάμπες» Ν.Δ. Μεσσηνίας (περιοχή Natura 2000 /ΤΚΣ)
Saved in:
| Main Author: | |
|---|---|
| Corporate Author: | |
| Other Authors: | |
| Format: | Thesis Book |
| Language: | Greek |
| Published: |
2010
|
| Subjects: | |
| Online Access: | http://hdl.handle.net/11610/11665 |
| Tags: |
Add Tag
No Tags, Be the first to tag this record!
|
MARC
| LEADER | 00000cam a2200000 i 4500 | ||
|---|---|---|---|
| 001 | 1/16090 | ||
| 008 | 111101s2010 gre d | ||
| 035 | |l 10111230 | ||
| 040 | |a GR-MY-UA |b gre |e aacr | ||
| 041 | 0 | |a gre | |
| 082 | 0 | |a 333.72 |2 (22) | |
| 100 | 1 | |a Παρασκευοπούλου, Μελίνα. | |
| 245 | 1 | 0 | |a Κριτική μελέτη των στοιχείων ωοτοκίας της θαλάσσιας χελώνας Caretta caretta όπου σταδιακή τουριστική ανάπτυξη : |b παραλία «Λάμπες» Ν.Δ. Μεσσηνίας (περιοχή Natura 2000 /ΤΚΣ) / |c Μελίνα Παρασκευοπούλου ; επιβλέπουσα καθηγήτρια: Αρετή Κοντογιάννη |
| 260 | |c 2010 | ||
| 300 | |a 91 σ.; |b εικ.; |c 30 εκ. | ||
| 502 | |a Διατριβή (μεταπτυχιακή) – Πανεπιστήμιο Αιγαίου, Λέσβος, 2010. | ||
| 504 | |a Βιβλιογραφία: σ. 86-91 | ||
| 650 | 0 | 0 | |a Loggerhead turtle |x Habitat. |
| 650 | 0 | |a Environmental law |z Greece |z Messenia. | |
| 650 | 0 | |a Tourism |x Environmental aspects |z Greece |z Messenia. | |
| 650 | 0 | 0 | |a Coastal zone management. |
| 650 | 0 | 0 | |a Dissertations, Academic |z Greece. |
| 700 | 1 | |a Κοντογιάννη-Σκούρτου, Αρετή. |4 ths | |
| 710 | 2 | |a Πανεπιστήμιο Αιγαίου |b Σχολή Περιβάλλοντος |b Τμήμα Επιστημών της Θάλασσας |b Πρόγραμμα Μεταπτυχιακών Σπουδών Διαχείριση Παράκτιων Περιοχών. | |
| 852 | |a INST |b LESVOS |c DIATR |e 20111101 |h 191 |p 005100051172 |q 005100051172 |t MTXE |y 23 | ||
| 852 | |a INST |b LESVOS |c DIATR |e 20111101 |h 192 |p 005100051171 |q 005100051171 |t MTXE |y 23 | ||
| 856 | |u http://hdl.handle.net/11610/11665 | ||
| 901 | |a BIBL1-2011-3 | ||
| 909 | |a Λ |b 172974 | ||
| 909 | |a Λ |b 172975 | ||
| 924 | |a Παρασκευοπούλου |b Μελίνα |y Λέσβος |z 2011-10 | ||
| 970 | |a Τζαφέρη |b Ευαγγελία |z 2011/11/01 | ||